000 00984nam a2200277 a 4500
001
003 DO-SdBNP
005 20220120105347.0
008 110308s2006 dr r 000 0 spa d
020 _a9993479985
040 _aDO-SdBNP
_bspa
_cBPMSU
082 _a972.9304
_bG216e 2006
_222
100 1 _aGarcía Lluberes, Alcides
245 1 0 _aEnsayos sobre el 27 de febrero /
_cAlcides García Lluveres, Leonidas García Lluveres, Vetilio Alfau Durán.
250 _a3a ed.
260 _aSanto Domingo :
_bCPEP,
_c2006.
300 _a157 p. ;
_c22 cm.
500 _aIncluye referencias bibliográficas y notas al pie de las páginas
590 _aInventariado, 2022/VM
651 4 _aRepública Dominicana
_xHistoria
_y1844-1930
_vEnsayos, conferencias, etc.
700 1 _aGarcía Lluveres, Leonidas
700 1 _aAlfau Durán, Vetilio,
_d1909-1985
710 _aComisión Permanente de Efemérides Patria (República Dominicana)
910 _aVMateo V.
942 _2ddc
_cBK
999 _c13969
_d13969